Language Quiz

Random Language or Letter Quiz

Diâcrítiçal English Quiz Stats

Quiz Updated Mar 28, 2012

Challenge
Share
Tweet
Embed
Score 0/34 Timer 06:00
3 Plays Today
Clue Diacritical word % Correct
Mexican Mr.señor
94.6%
bullfight cheerOlé!
86.9%
lacking experience, wisdom or judgementnaïve
86.1%
thin folded or rolled pancakecrêpe
83.6%
the front of a buildingfaçade
83%
woman engaged to be marriedfiancée
81.4%
Mexican party favoritepiñata
78%
small plump dark green chili pepperjalapeño
76.9%
small establishment serving refreshmentscafé
75.2%
maker of Butterfinger & Kit KatNestlé
74.6%
Presto!, Ta-da!Voilá!
73.3%
sexual three-wayménage á trois
73.3%
custard topped with caramelized sugarcrème brûlée
73.1%
Hitler’s titleFührer
72.1%
quasi-periodic climate patternEl Niño/La Niña
71.2%
headwaitermaître d'
70.4%
covered with liquor & ignited brieflyflambé
65.5%
Clue Diacritical word % Correct
behind the timespassé
61.4%
set of accomplishmentsrésumé
59%
waitergarçon
58.5%
one guided by someone more experiencedprotégé
57.3%
German Missfräulein
53.9%
trite phrase or expressioncliché
42.2%
TV anime series and video gamePokémon
42.2%
apathetic to pleasure or excitementblasé
38.2%
French vineyard estatechâteau
36.8%
ghostly counterpart of a living persondoppelgänger
32.9%
vigorous spirit or enthusiasmélan
30.1%
goat cheesechèvre
22.9%
unit of length equal to one ten-billionth of a meterångström
22.9%
orange flavored liqueurCuraçao
22.2%
published statement of general interestcommuniqué
10.5%
wild relative of the llamavicuña
9.9%
snail shaped geometric curvelimaçon
3%

You're not logged in!

Compare scores with friends on all Sporcle quizzes.
Sign Up with Email
OR
Log In

You Might Also Like...

Show Comments

Extras

Top Quizzes Today


Score Distribution

Your Account Isn't Verified!

In order to create a playlist on Sporcle, you need to verify the email address you used during registration. Go to your Sporcle Settings to finish the process.